000 01142nam a2200241 i 4500
001 155585
003 ES-MaACL
005 20230906210131.0
008 040723q18801910fr |||| | fre d
040 _aCAM
_bspa
_cCAM
100 1 _aHoracio Flaco, Quinto.
_964182
245 1 0 _aOdes et épodes /
_cHorace; [cet ouvrage a été expliqué littéralment par E. Sommer; traduit en français et annoté par A. Desportes].
260 _aParis :
_bLibrairie Hachette,
_c[s.a.]
300 _a2 v. ;
_c19 cm.
490 1 _aLes autheurs latins expliques par deux traductions françaises ... /par une société de professeurs et de latinistes
594 _aMención de resp. tomada de verso de la antep.
596 _aProbablemente impreso a finales del siglo XIX o comienzos del XX.
700 0 _aSommer, Edouard.
_9107269
700 1 _aDesportes, Auguste.
_9126774
830 0 _aLes autheurs latins expliques par deux traductions françaises ... /par une société de professeurs et de latinistes
_9221579
852 _aES-MaACL
_jE-3712
_z-- Enc. hol.
_q-- Sólo t.I (Premier et deuxieme libre des Odes, 206 p.)
999 _c155585
_d155585